00000000nam 2200000zi 4500
0019.947266
003CaOODSP
00520250122164711
006m     o  d f      
007cr |n|||||||||
008250122s1938    onca    o    f000 0 eng d
040 |aCaOODSP|beng|erda|cCaOODSP
043 |an-cn-mb
0861 |aA52-261/1938E-PDF
0861 |zA51-76E-PDF
1001 |aLeslie, W. R., |eauthor.
24510|aDominion Experimental Station, Morden, Manitoba : |bresults of experiments, 1931-1937 / |cW. R. Leslie.
264 1|aOttawa : |bMinister of Agriculture, |c1938
300 |a1 online resource (63 pages) : |billustrations
336 |atext|btxt|2rdacontent
337 |acomputer|bc|2rdamedia
338 |aonline resource|bcr|2rdacarrier
500 |aDigitized edition from print [provided by Agriculture and Agri-Food Canada].
61025|aExperimental Station (Morden, Man.)
61025|aStation expérimentale (Morden, Man.)
650 0|aAgricultural experiment stations|zManitoba|zMorden.
650 6|aStations agronomiques|zManitoba|zMorden.
7102 |aExperimental Station (Morden, Man.), |eissuing body.
7102 |aDominion Experimental Farms and Stations (Canada), |eissuing body.
85640|qPDF|s13.70 MB|uhttps://publications.gc.ca/collections/collection_2024/aac-aafc/A51-76-1931-eng.pdf